Programming with Microsoft Visual Basic 2005 / (Record no. 1500)

000 -LEADER
fixed length control field 01345cam a22003857a 4500
001 - CONTROL NUMBER
control field 14799162
003 - CONTROL NUMBER IDENTIFIER
control field OSt
005 - DATE AND TIME OF LATEST TRANSACTION
control field 20150223160017.0
008 - FIXED-LENGTH DATA ELEMENTS--GENERAL INFORMATION
fixed length control field 070406s2007 maua 001 0 eng
010 ## - LIBRARY OF CONGRESS CONTROL NUMBER
LC control number 2007273505
015 ## - NATIONAL BIBLIOGRAPHY NUMBER
National bibliography number GBA668935
Source bnb
016 7# - NATIONAL BIBLIOGRAPHIC AGENCY CONTROL NUMBER
Record control number 013527840
Source Uk
020 ## - INTERNATIONAL STANDARD BOOK NUMBER
International Standard Book Number 1418836745 (pbk.)
020 ## - INTERNATIONAL STANDARD BOOK NUMBER
International Standard Book Number 9781418836740 (pbk.)
035 ## - SYSTEM CONTROL NUMBER
System control number (OCoLC)ocm70882516
040 ## - CATALOGING SOURCE
Original cataloging agency UKM
Transcribing agency UKM
Modifying agency BAKER
-- ILC
-- YDXCP
-- DLC
042 ## - AUTHENTICATION CODE
Authentication code lccopycat
050 00 - LIBRARY OF CONGRESS CALL NUMBER
Classification number QA76.76.B3Z35 2007
082 04 - DEWEY DECIMAL CLASSIFICATION NUMBER
Classification number 005.2768
Edition number 22
100 1# - MAIN ENTRY--PERSONAL NAME
Personal name Zak, Diane.
245 10 - TITLE STATEMENT
Title Programming with Microsoft Visual Basic 2005 /
Statement of responsibility, etc Diane Zak.
250 ## - EDITION STATEMENT
Edition statement 3rd ed.
260 ## - PUBLICATION, DISTRIBUTION, ETC. (IMPRINT)
Place of publication, distribution, etc Boston, Mass. :
Name of publisher, distributor, etc Course Technology ;
Place of publication, distribution, etc London :
Name of publisher, distributor, etc Thomson Learning [distributor],
Date of publication, distribution, etc c2007.
300 ## - PHYSICAL DESCRIPTION
Extent xxviii, 986 p. :
Other physical details ill. (some col.) ;
Dimensions 28 cm.
500 ## - GENERAL NOTE
General note Previous ed.: published as Programming with Microsoft Visual Basic .NET. 2004.
500 ## - GENERAL NOTE
General note Includes index.
630 00 - SUBJECT ADDED ENTRY--UNIFORM TITLE
Uniform title Visual Basic.
650 #0 - SUBJECT ADDED ENTRY--TOPICAL TERM
Topical term or geographic name as entry element Microsoft .NET Framework.
650 #0 - SUBJECT ADDED ENTRY--TOPICAL TERM
Topical term or geographic name as entry element Visual programming (Computer science)
650 #0 - SUBJECT ADDED ENTRY--TOPICAL TERM
Topical term or geographic name as entry element Internet programming.
700 1# - ADDED ENTRY--PERSONAL NAME
Personal name Zak, Diane.
Title of a work Programming with Microsoft Visual Basic .NET.
906 ## - LOCAL DATA ELEMENT F, LDF (RLIN)
a 7
b cbc
c copycat
d 2
e ncip
f 20
g y-gencatlg
942 ## - ADDED ENTRY ELEMENTS (KOHA)
Source of classification or shelving scheme
Koha item type Book
Holdings
Withdrawn status Lost status Source of classification or shelving scheme Damaged status Not for loan Home library Current library Shelving location Date acquired Total Checkouts Full call number Barcode Date last seen Copy number Price effective from Koha item type
          Riara University Library Riara University Library General stack 23/02/2015   QA76.76.B3Z35 2007 5299/15 23/02/2015 C.1 23/02/2015 Book

Riara University Library,
P.O. Box 49940-00100,
Nairobi, Kenya.